Beste Premier League Torschützen FC Chelsea - Statistiken

Allgemein
  • Dieses Quiz wurde 334 mal gespielt
    158 seit der letzten Aktualisierung
  • Das Durchschnittsergebnis liegt bei 17 aus 37
Antwortstatistiken
Saison Nationalität Tore Spieler % Korrekt
2022/23 Deutschland 7 Kai Havertz
96%
2009/10 Elfenbeinküste 29 Didier Drogba
94%
2006/07 Elfenbeinküste 20 Didier Drogba
94%
2018/19 Belgien 16 Eden Hazard
91%
2017/18 Belgien 12 Eden Hazard
91%
2024/25 England 15 Cole Palmer
83%
2023/24 England 22 Cole Palmer
83%
2013/14 Belgien 15 Romelu Lukaku
81%
2012/13 Belgien 17 Romelu Lukaku
81%
2011/12 England 11 Frank Lampard
71%
2007/08 England 10 Frank Lampard
71%
2005/06 England 16 Frank Lampard
71%
2004/05 England 13 Frank Lampard
71%
2016/17 Spanien 20 Diego Costa
66%
2015/16 Spanien 12 Diego Costa
66%
2014/15 Spanien 20 Diego Costa
66%
2020/21 Italien 7 Jorginho
62%
2008/09 Frankreich 19 Nicolas Anelka
51%
2021/22 England 11 Mason Mount
42%
2002/03 Italien 14 Gianfranco Zola
39%
1998/99 Italien 13 Gianfranco Zola
39%
2019/20 England 15 Tammy Abraham
29%
2010/11 Frankreich 13 Florent Malouda
26%
2003/04 Niederlande 13 Jimmy Floyd Hasselbaink
21%
2001/02 Niederlande 23 Jimmy Floyd Hasselbaink
21%
2000/01 Niederlande 23 Jimmy Floyd Hasselbaink
21%
2011/12 England 11 Daniel Sturridge
16%
1999/00 Norwegen 10 Tore André Flo
15%
1997/98 Norwegen 11 Tore André Flo
15%
1997/98 Italien 11 Gianluca Vialli
12%
1996/97 Italien 9 Gianluca Vialli
12%
1992/93 England 9 Graham Stuart
2%
1999/00 Uruguay 10 Gustavo Poyet
2%
1995/96 Schottland 13 John Spencer
2%
1994/95 Schottland 11 John Spencer
2%
1993/94 Südafrika 13 Mark Stein
2%
1992/93 England 9 Mick Harford
2%
Keine übereinstimmenden Quizze gefunden
Verteilung der Resultate
Anzahl Personen mit jedem Resultat
Perzentil nach korrekt beantworteten Fragen
Ihre Resultats-Entwicklung
Sie haben dieses Quiz seit der letzten Aktualisierung nicht gespielt